[Event "IECC CL5-2010.02 email"]
[Site "IECC email"]
[Date "2010.03.17"]
[Round "?"]
[White "Schwam, Marcelo Vincente"]
[Black "Schwenger, Kurt"]
[Result "0-1"]
[WhiteElo "1489"]
[BlackElo "1552"]
[PlyCount "46"]
[EventDate "2010.??.??"]
[EventType "tourn (corr)"]
[EventRounds "4"]
[SourceTitle "Telechess CBM 149"]
[Source "ChessBase"]
[SourceDate "2012.07.17"]
[SourceVersion "1"]
[SourceVersionDate "2012.07.17"]
[SourceQuality "1"]
[WhiteTeam "Brazil"]
[BlackTeam "Germany"]
[WhiteTeamCountry "BRA"]
[BlackTeamCountry "GER"]

1. Nf3 c5 2. c4 Nc6 3. Nc3 g6 4. g3 Bg7 5. Bg2 e6 6. 0-0 Nge7 7. d3 0-0 8. Bd2 d5 9. cxd5 exd5 10. Rc1 b6 11. a3 h6 12. Na4 a5 13. Qb3 Rb8 14. Bf4 Rb7 15. Rfe1 g5 16. Bd2 Nf5 17. h3 Re8 18. e3 Be6 19. Nxc5 Rb8 20. Nxe6 Rxe6 21. Nh2 Nfe7 22. e4 dxe4 23. Bxe4 Nd4 0-1